Nueva Novela Latinoamericana 2 /
Guardat en:
| Autor principal: | |
|---|---|
| Format: | Desconegut |
| Idioma: | Spanish |
| Publicat: |
Buenos Aires, Argentina :
Editorial Paidos,
1972.
|
| Matèries: | |
| Etiquetes: |
Afegir etiqueta
Sense etiquetes, Sigues el primer a etiquetar aquest registre!
|
MARC
| LEADER | 000000000a22000000004500 | ||
|---|---|---|---|
| 001 | 012595 | ||
| 041 | 0 | |a spa | |
| 082 | 0 | 4 | |a A863.09 |b N964n |
| 100 | 1 | |a Lafforgue, Jorge, |d 1935- | |
| 245 | 1 | 0 | |a Nueva Novela Latinoamericana 2 / |c Jorge Lafforgue. |
| 260 | 1 | |a Buenos Aires, Argentina : |b Editorial Paidos, |c 1972. | |
| 300 | |a 388 páginas | ||
| 500 | |a Material disponible en BCMA | ||
| 650 | 4 | |a LITERATURA LATINOAMERICANA | |
| 650 | 4 | |a HISTORIA Y CRITICA | |
| 650 | 4 | |a SIGLO XX | |
| 500 | |a Colección George Yúdice | ||
| 999 | |c 18554 |d 18554 | ||
| 942 | |c BK |h A863.09 N964n |2 z | ||
